000 00459ntaaa2200181 4500
003 01
005 20251027202317.0
008 0714s1973 ag 01
040 _aAR-BaBN
_bspa
_cAR-BaBN
_eaacr
_dRIC
082 _a280.1000 P28
100 _aPawley, Bernard
_921690
245 _aLooking at the Vatican Council
250 _a1 ed.
260 _aLondon :
_bSCM Press,
_cc1962
300 _a136 p
650 _aConcilio ecuménico Vaticano I
_98806
942 _cBK
999 _c17925
_d17925